Taller de preparación hacia la conformación de la mesa consultiva de primera infancia (Record no. 8565)

MARC details
000 -LEADER
campo de control de longitud fija 00444nam a2200145Ia 4500
001 - NÚMERO DE CONTROL
campo de control 920
008 - DATOS DE LONGITUD FIJA--INFORMACIÓN GENERAL
campo de control de longitud fija 241024s9999 xx 000 0 und d
082 ## - NÚMERO DE LA CLASIFICACIÓN DECIMAL DEWEY
Número de clasificación RD/372/R426t
100 ## - ENTRADA PRINCIPAL--NOMBRE DE PERSONA
Nombre de persona República Dominicana.Secretaría de Estado de Educación
245 #0 - MENCIÓN DEL TÍTULO
Título Taller de preparación hacia la conformación de la mesa consultiva de primera infancia
260 ## - PUBLICACIÓN, DISTRIBUCIÓN, ETC.
Nombre del editor, distribuidor, etc. Santo Domingo
Fecha de publicación, distribución, etc. 2008
590 ## - NOTA LOCAL (RLIN)
Nota local si
901 ## - ELEMENTOS DE DATOS A LOCAL LDA (RLIN)
a 9/12/2010 1:22:44 p.m.

No items available.

© 2024. Todos los Derechos Reservados. Desarrollado por IDEICE